|
|
|
|
| LEADER |
00000nam0a2200000 4500 |
| 001 |
284965 |
| 005 |
20231101235740.0 |
| 035 |
|
|
|a (RuTPU)RU\TPU\book\309162
|
| 090 |
|
|
|a 284965
|
| 100 |
|
|
|a 20150219d1984 k y0rusy50 ca
|
| 101 |
0 |
|
|a rus
|
| 102 |
|
|
|a RU
|
| 105 |
|
|
|a y z 000zy
|
| 200 |
1 |
|
|a Сборник норм и правил проектирования и строительства на просадочных грунтах
|f СССР, Государственный комитет по делам строительства (Госстрой СССР)
|
| 210 |
|
|
|a Москва
|c Изд-во НИИОСП
|d 1984
|
| 215 |
|
|
|a 254 с.
|
| 606 |
|
|
|a Грунты просадочные
|2 stltpush
|3 (RuTPU)RU\TPU\subj\8771
|9 36111
|
| 610 |
1 |
|
|a строительство
|
| 610 |
1 |
|
|a проектирование
|
| 610 |
1 |
|
|a нормы
|
| 610 |
1 |
|
|a правила
|
| 675 |
|
|
|a 624.131.23
|v 3
|
| 712 |
0 |
1 |
|a СССР
|b Государственный комитет по делам строительства (Госстрой СССР)
|c (1950-1991)
|2 stltpush
|3 (RuTPU)RU\TPU\col\7934
|
| 801 |
|
1 |
|a RU
|b 63413507
|c 20150219
|
| 801 |
|
2 |
|a RU
|b 63413507
|c 20171107
|g RCR
|
| 942 |
|
|
|c BK
|